Sports Quiz

Random Sports or Soccer Quiz

Top flight or not? Quiz Stats

 Plays Quiz not verified by Sporcle

Challenge
Share
Tweet
Embed
Score 0/72 Timer 10:00
0 Plays Today
Club Top flight? % Correct
Barnsley???
93%
Birmingham City???
93%
Blackburn Rovers???
93%
Blackpool???
93%
Bolton Wanderers???
93%
Middlesbrough???
93%
Bradford City???
90.7%
Burnley???
90.7%
Charlton Athletic???
90.7%
Leicester City???
90.7%
Nottingham Forest???
90.7%
Portsmouth???
90.7%
Reading???
90.7%
Fulham???
90.7%
Coventry City???
88.4%
Oldham Athletic???
88.4%
Queens Park Rangers???
88.4%
Wigan Athletic???
88.4%
Bristol City???
86%
Fleetwood Town???
86%
Millwall???
86%
Wolverhampton Wanderers???
86%
Derby County???
83.7%
Gillingham???
83.7%
Leeds United???
83.7%
Sheffield United???
83.7%
Sheffield Wednesday???
83.7%
Cardiff City???
81.4%
Colchester United???
81.4%
Crewe Alexandra???
81.4%
Dagenham & Redbridge???
81.4%
Hartlepool United???
81.4%
Morecambe???
81.4%
Newport County???
81.4%
Notts County???
81.4%
Preston North End???
81.4%
Club Top flight? % Correct
Shrewsbury Town???
81.4%
Southend United???
81.4%
Stevenage???
81.4%
Barnet???
81.4%
Ipswich Town???
81.4%
Crawley Town???
79.1%
Exeter City???
79.1%
Oxford United???
79.1%
Rochdale???
79.1%
Swindon Town???
79.1%
Wycombe Wanderers???
79.1%
Brighton???
76.7%
Burton Albion???
76.7%
Cambridge United???
76.7%
MK Dons???
76.7%
Scunthorpe United???
76.7%
Mansfield Town???
74.4%
Walsall???
74.4%
Yeovil Town???
74.4%
Carlisle United???
72.1%
Chesterfield???
72.1%
Huddersfield Town???
72.1%
Leyton Orient???
69.8%
Peterborough United???
69.8%
Port Vale???
69.8%
Rotherham United???
69.8%
York City???
69.8%
Accrington Stanley???
67.4%
Doncaster Rovers???
67.4%
Plymouth Argyle???
65.1%
Bristol Rovers???
62.8%
Luton Town???
60.5%
AFC Wimbledon???
58.1%
Bury???
55.8%
Northampton Town???
53.5%
Brentford???
48.8%

You're not logged in!

Compare scores with friends on all Sporcle quizzes.
OR
Log In

You Might Also Like...

Show Comments

Extras

Top Quizzes Today


Score Distribution

Your Account Isn't Verified!

In order to create a playlist on Sporcle, you need to verify the email address you used during registration. Go to your Sporcle Settings to finish the process.

Report this User

Report this user for behavior that violates our Community Guidelines.

Details: